Indovina il film di Alfred Hitchcock - Statistics

Statistiche generali
  • Questo quiz è stato fatto 112 volte
  • Il punteggio medio è 7 su 20
Statistiche sulle risposte
con Immagini Risposta % Corretto
Psyco
89%
Gli uccelli
78%
La finestra sul cortile
72%
Intrigo internazionale
71%
La donna che visse due volte
52%
Il delitto perfetto
48%
Rebecca, la prima moglie
35%
Nodo alla gola
34%
Caccia al ladro
33%
Marnie
29%
Notorious - L'amante perduta
24%
L'uomo che sapeva troppo
20%
Frenzy
17%
L'altro uomo
15%
Io ti salverò
13%
Io confesso
12%
La signora scompare
7%
L'ombra del dubbio
5%
Sabotatori
5%
Il prigioniero di Amsterdam
2%
Nessun quiz corrispondente trovato
Distribuzione punteggi
Percentuale di utenti per punteggio
Percentile per numero di risposta
I tuoi punteggi nel tempo
Non hai fatto questo quiz